000 00360nam a22001337a 4500
008 160520b xxu||||| |||| 00| 0 eng d
020 _a9780323039819
020 _a9780323039819
020 _a0323039812
041 _aeng
080 _a618.2
245 _aPsychiatric nursing care plans:
_cKatherine M. Fortinash; Patricia A. Holoday Worret;
942 _2udc
_cBK
999 _c2291
_d2291